Miasta w województwie opolskim - Statystyki

Ogólne statystyki
  • Ten quiz został rozwiązany 186 razy
    37 od ostatniego zresetowania
  • Średni wynik to 33 z 38
Statystyki odpowiedzi
Miasto Liczba mieszkańców % Poprawnych
Brzeg 32 910
100%
Kędzierzyn-Koźle 53 473
100%
Kluczbork 21 470
100%
Namysłów 16 713
100%
Nysa 40 026
100%
Opole 125 095
100%
Strzelce Opolskie 16 644
100%
Głuchołazy 12 353
93%
Kietrz 5365
93%
Krapkowice 15 080
93%
Niemodlin 5671
93%
Olesno 8940
93%
Prószków 2548
93%
Prudnik 18 496
93%
Zawadzkie 6251
93%
Zdzieszowice 9984
93%
Biała 2213
86%
Głubczyce 11 376
86%
Gorzów Śląski 2416
86%
Grodków 7723
86%
Kolonowskie 3186
86%
Korfantów 1689
86%
Lewin Brzeski 5489
86%
Otmuchów 6058
86%
Ozimek 7717
86%
Praszka 6921
86%
Tułowice 3576
86%
Ujazd 1839
86%
Baborów 2691
79%
Byczyna 3279
79%
Gogolin 6428
79%
Leśnica 2517
79%
Paczków 6492
79%
Strzeleczki 1525
79%
Wołczyn 5235
79%
Branice 1996
71%
Głogówek 5386
71%
Dobrodzień 3414
64%
Nie znaleziono quizów pasujących do podanych kryteriów
Rozkład punktacji
Procent ludzi z każdym wynikiem
Percentyl według liczby udzielonych odpowiedzi
Twoja historia wyników
Nie rozwiązałeś tego quizu od ostatniego zresetowania